000 00535nam a22001817a 4500
999 _c8330
_d8330
008 201113b ||||| |||| 00| 0 eng d
040 _aBMS College of Architecture
100 _aKumar, S R Hemanth
245 _aFrames per second studios
300 _a38p.
500 _a1BM15AT032
502 _8B,Arch
_NBMS College of Architecture, Visvesvaraya Technological University (VTU)
_aProject report
_d2019
650 _aFrames
650 _aStudios
700 _aBhavesh Mehta
_eGuide
700 _aPrathima
_eGuide
942 _2ddc
_cTHE